Komplexná výrobková koncepcia hydinárskej priemyselnej výroby - mäso

Salvato in:
Dettagli Bibliografici
Autore principale: Bobiš, Ladislav
Natura: Libro
Lingua:ceco
Pubblicazione: Bratislava Výskumný ústav hydinárskeho priem. 1986
Edizione:1. vyd.
Tags: Aggiungi Tag
Nessun Tag, puoi essere il primo ad aggiungerne!!

MARC

LEADER 00000nam a2200000 4500
001 c039528
005 20221220071821.9
041 0 |a cze 
044 |a SK 
245 1 0 |a Komplexná výrobková koncepcia hydinárskej priemyselnej výroby - mäso  |c Ladislav Bobiš 
250 |a 1. vyd. 
264 1 |a Bratislava  |b Výskumný ústav hydinárskeho priem.  |c 1986 
300 |a 177 s. 
100 1 |a Bobiš, Ladislav